000 00632nam a2200241Ia 4500
003 OSt
005 20220926002544.0
006 a|||||r|||| 00| 0
007 ta
008 220923b |||||||| |||| 00| 0 eng d
037 _cGeneral Book
040 _aRTL
_cRTL
_beng
041 _2eng
_aeng
082 _aH.2, K8
100 _aDey A K
245 0 _aGeology of India
260 _a New Delhi
_bNational Book Trust India
_c1968
300 _axi,178p.
_ccm.
490 _aIndia : The Land And People Series
650 _aGeology
_915465
942 _hH.2, K8
_cGB
_2CC
999 _c605403
_d605403